00429 a2200157 4500020000800000040001400008082001000022100004600032245010300078250002600181260001100207300000900218650002100227942000800248999001500256 aN/S aULA-LD-MS a658.3 91049a PERREIRA, Paulino Joaquim Araj͠o aA influn̊cia da lideranȧ nas empresas, Estudo de Caso, na Escola de Sad͠e Castelo, Lda ) ESCA) aUniversidade Lusa̕da aLuanda a144p aRecursos Humanos cTFC c2223d2223